Hướng dẫn thiết kế hệ thống lạnh

Bewaard in:
Bibliografische gegevens
Hoofdauteur: Nguyễn, Đức Lợi
Formaat: Boek
Taal:Undetermined
Gepubliceerd in: Hà Nội Khoa học và Kỹ thuật 2006
Onderwerpen:
Tags: Voeg label toe
Geen labels, Wees de eerste die dit record labelt!
Thư viện lưu trữ: Trung tâm Học liệu Trường Đại học Cần Thơ
LEADER 00610nam a2200193Ia 4500
001 CTU_120050
008 210402s9999 xx 000 0 und d
020 |c 59000 
082 |a 621.56 
082 |b L462 
100 |a Nguyễn, Đức Lợi 
245 0 |a Hướng dẫn thiết kế hệ thống lạnh 
245 0 |c Nguyễn Đức Lợi 
260 |a Hà Nội 
260 |b Khoa học và Kỹ thuật 
260 |c 2006 
650 |a Refrigeration and refrigerating machinery,Air conditioning 
904 |i Minh 
980 |a Trung tâm Học liệu Trường Đại học Cần Thơ